00928nam a2200253 a 450000100060000000300080000600500170001400800410003102000150007203500190008704000260010604100080013208200320014010000220017224500890019426001210028330000320040450000820043650400380051865000240055665000440058065000320062470000180065658465BD-RjUL20211209080627.0161218r19941990my 000 0 eng d a9839688006 a(BD-RjUL)58589 aBD-RjULbengcBD-RjUL aeng 223a332.175309595bGIB 19941 aGibbons, David S.10aBanking on the rural poor in Peninsular Malaysia /cDavid S. Gibbons and Sukor Kasim aPenang :bCenter for Policy Research ;aKuala Lumpur :bAsian and Pacific Development Centre,c1990 [Reprinted 1994] axv, 111 p. :bill. ;c22 cm a"A revised and up-dated version of the Final Report of Projek IKHTIAR" - t.p. aIncludes bibliographic references 0aBank LoanxMalaysia 0aRural poorzMalayaxEconomic conditions 0aAgricultural creditzMalaya1 aKasim, Sukor.